000 00944cab a2200205 4500
001 ##L135543
008 061106n2006 000 0 eng u
035 _a(Sirsi) u135543
041 0 _aeng
110 2 _aMajor Contractors Group
_94988
245 0 0 _aMCG launches sustainability charter
260 _c2006
490 0 _aMajor Contractors Group Press Release
520 _aThe charter sets out various sustainability objectives for MCG member companies including continual improvement in waste minimisation and management, energy consumption and reducing adverse environmental incidents. Following a pilot study, in 2007 member companies will produce figures on waste and energy consumption on a quarterly basis.
590 _aIKA141106
651 4 _aUnited Kingdom
_y
690 _aENVIRONMENTAL AND LAND CONSULTANCY-SUSTAINABILITY
856 4 0 _uhttps://www.mcg.org.uk
_zView the item free of charge at www.mcg.org.uk...
942 _n0
999 _c77927
_d77927